|
|
|
|
| LEADER |
01690cam a2200433 a 4500 |
| 001 |
nkc20081745309 |
| 003 |
CZ PrNK |
| 005 |
20090911131927.0 |
| 007 |
ta |
| 008 |
070914s2007 xr abcff 000 0dcze d |
| 015 |
|
|
|a cnb001745309
|
| 020 |
|
|
|a 978-80-7323-151-4
|q (váz.)
|
| 035 |
|
|
|a (OCoLC)271608628
|
| 040 |
|
|
|a KLG001
|b cze
|d BOA001
|d ABA001
|
| 043 |
|
|
|a e-xr---
|b e-xr-vy
|2 czenas
|
| 072 |
|
7 |
|a 908(437)
|x Vlastivěda Česka a Slovenska
|2 Konspekt
|9 8
|
| 080 |
|
|
|a 94(437.324)
|2 MRF
|
| 080 |
|
|
|a 908(437.324)
|2 MRF
|
| 080 |
|
|
|a (048.8)
|2 MRF
|
| 100 |
1 |
|
|a Bláhová, Marie,
|d 1944-
|7 jk01012232
|4 aut
|
| 245 |
1 |
0 |
|a Netín s osadou Záseka :
|b vlastivědná kronika /
|c [Marie Bláhová, Karel Křeček]
|
| 260 |
|
|
|a Tišnov :
|b Sursum,
|c 2007
|
| 300 |
|
|
|a 529 s., [16] s. barev. obr. příl. :
|b il. (některé barev.), mapy, portréty, faksim., erby ;
|c 25 cm
|
| 490 |
1 |
|
|a Edice Vysočiny
|
| 500 |
|
|
|a Nad názvem: Wznětin, Nyetyn, Nětin, Metien, Nettin, Mnětin
|
| 504 |
|
|
|a Obsahuje bibliografii
|
| 651 |
|
7 |
|a Netín (Česko)
|7 ge130163
|x dějiny
|2 czenas
|
| 651 |
|
7 |
|a Netín (Česko)
|7 ge130163
|x vlastivěda
|2 czenas
|
| 651 |
|
9 |
|a Netín (Czechia)
|x history and geography
|2 eczenas
|
| 655 |
|
7 |
|a monografie
|7 fd132842
|2 czenas
|
| 655 |
|
9 |
|a monographs
|2 eczenas
|
| 700 |
1 |
|
|a Křeček, Karel
|7 mzk2008459083
|4 aut
|
| 830 |
|
0 |
|a Edice Vysočiny
|0 s
|
| 910 |
2 |
|
|a BOA001
|b 3-1208.042
|
| 990 |
|
|
|a BK
|
| 995 |
|
|
|a 01
|
| 991 |
|
|
|b 200808
|c NOV
|
| 996 |
6 |
|
|b 2610348504
|c 3-1208.042
|l MZK
|r Sklad / do 1 hodiny
|n 7
|p p.v.
|w 001067731
|u 000010
|a 1
|e BOA001
|j MZK50
|s P
|
| 996 |
7 |
|
|b 2610348505
|c 3-1208.042
|l Vol.výběr
|r VV 1p
|n 17
|p p.v.
|h 94(437.32) NET
|w 001067731
|u 000020
|a 0
|e BOA001
|j MZK50
|s A
|